| 000 | 00410ngm a22001697a 4500 | ||
|---|---|---|---|
| 005 | 20241106151123.0 | ||
| 008 | 160921b xxu||||| |||| 00| 0 spa d | ||
| 041 | _aspa | ||
| 082 | _a3 DVD | ||
| 245 | _aSeguridad y Prevención de Accidentes | ||
| 650 | _aSEGURIDAD LABORAL | ||
| 650 | _aHIGIENE | ||
| 650 | _aRIESGOS | ||
| 650 | _aSEGURIDAD OCUPACIONAL | ||
| 650 | _aSEGURIDAD LABORAL | ||
| 942 |
_cDVD _2ddc |
||
| 999 |
_c8848 _d8848 |
||